
Library Catalogue

| 000 -LEADER | |
|---|---|
| fixed length control field | 01254nam a2200217Ia 4500 |
| 003 - CONTROL NUMBER IDENTIFIER | |
| control field | OSt |
| 005 - DATE AND TIME OF LATEST TRANSACTION | |
| control field | 20201019213653.0 |
| 008 - FIXED-LENGTH DATA ELEMENTS--GENERAL INFORMATION | |
| fixed length control field | 160316s2013 xxu||||| |||| 00| 0 eng d |
| 020 ## - INTERNATIONAL STANDARD BOOK NUMBER | |
| International Standard Book Number | 9780674726826 |
| 040 ## - CATALOGING SOURCE | |
| Transcribing agency | nls |
| 082 ## - DEWEY DECIMAL CLASSIFICATION NUMBER | |
| Classification number | 200.000000 |
| Item number | DWO |
| 100 ## - MAIN ENTRY--PERSONAL NAME | |
| Personal name | Dowrkin Ronald |
| 245 ## - TITLE STATEMENT | |
| Title | Religion without God |
| 260 ## - PUBLICATION, DISTRIBUTION, ETC. | |
| Place of publication, distribution, etc. | London |
| Name of publisher, distributor, etc. | Harvard University Press |
| Date of publication, distribution, etc. | 2013 |
| 300 ## - PHYSICAL DESCRIPTION | |
| Extent | 180p |
| Dimensions | |
| 365 ## - TRADE PRICE | |
| Price amount | Gratis |
| 505 ## - FORMATTED CONTENTS NOTE | |
| Formatted contents note | Table of Contents :<br/>Publisher’s Note<br/>1. Religious Atheism?<br/>Introduction<br/>What Is Religion? The Metaphysical Core<br/>Religious Science and Religious Value<br/>Mystery and Intelligibility<br/>Impersonal Gods: Tillich, Spinoza, and Pantheism<br/>2. The Universe<br/>Physics and the Sublime<br/>How Could Beauty Guide Research?<br/>But What Kind of Beauty Could This Be?<br/>Symmetry?<br/>Is There a Way the Universe Just Is?<br/>Inevitability and the Universe<br/>The Beauty of Inevitability<br/>3. Religious Freedom<br/>The Constitutional Challenge<br/>Is Religious Freedom Only about God?<br/>Freedom Out of Control?<br/>Conflict within Freedom<br/>Is There Really a Right to Religious Freedom?<br/>The New Religious Wars<br/>4. Death and Immortality<br/>Notes<br/>Index |
| 650 ## - SUBJECT ADDED ENTRY--TOPICAL TERM | |
| Topical term or geographic name entry element | 1. Religion - Philosophy2. Atheism - Freedom Of Religion |
| 700 ## - ADDED ENTRY--PERSONAL NAME | |
| Personal name | |
| -- | |
| 942 ## - ADDED ENTRY ELEMENTS (KOHA) | |
| Source of classification or shelving scheme | Dewey Decimal Classification |
| Koha item type | BOOKs |
| Withdrawn status | Lost status | Damaged status | Not for loan | Home library | Current library | Shelving location | Date acquired | Total Checkouts | Full call number | Barcode | Date last seen | Price effective from | Koha item type |
|---|---|---|---|---|---|---|---|---|---|---|---|---|---|
| . | . | NAB Compactor | 30.05.2017 | 200 DWO | 33301 | 30.05.2017 | 30.05.2017 | BOOKs |